000 01735nam0a2200301 i 4500
001 RU\NLR\bibl\2032633
005 20260405165132.0
010 _a9785876236630
_980
021 _aRU
_b2013-30771
_92112
035 _a(NLR Aleph) 002020376
090 _a4501661
_c4501661
100 _a20131026d2013 k||y0rusy50 ca
101 0 _arus
102 _aRU
105 _aa |||||||||
200 1 _aКомпьютерное моделирование нанотехнологий, наноматериалов и наноструктур
_eмоделирование наносистем методами молекулярной динамики
_eкурс лекций
_fС.Ю. Юрчук
_gМ-во образования и науки РФ, Федер. гос. авт. образоват. учреждение высш. проф. образования "Нац. исслед. технол. ун-т "МИСиС", Каф. полупроводниковой электроники и физики полупроводников
210 _aМосква
_cМИСиС
_d2013
215 _a46 с.
_cил.
_d21
225 1 _aНациональный исследовательский технологический университет МИСиС
_vN 2208
320 _aБиблиогр.: с. 46
606 0 _aНаноструктуры
_jУчебные издания для высших учебных заведений
_xИсследование
_92424071
_3RU\NLR\AUTH\661443366
686 1 _aЗ844.1-01я73-2
700 1 _4070
_8rus
_7ca
_aЮрчук
_bС. Ю.
_gСергей Юрьевич
_3RU\NLR\AUTH\7771038
_953966
801 0 _aRU
_bNLR
_c20130514
_gRCR
801 1 _aRU
_bNLR
_c20130514
942 _cBOOK
980 _aNBR